| 000 | 00340nam a22001457a 4500 | ||
|---|---|---|---|
| 003 | MACL | ||
| 005 | 20190925162604.0 | ||
| 008 | 190925b xxu||||| |||| 00| 0 eng d | ||
| 040 | _c MACL | ||
| 100 |
_aSharma, S K _976808 |
||
| 245 | _aEminent women: | ||
| 260 |
_aDelhi _bN K Pub _c2017 |
||
| 650 |
_aBiography _976809 |
||
| 942 |
_2ddc _cBK |
||
| 999 |
_c61108 _d61108 |
||